[Event "Dziedzica Memrial 11th"]
[Site "Trzcianka"]
[Date "2021.10.24"]
[Round "1"]
[White "Brodowski, Piotr"]
[Black "Kabzinski, Jan"]
[Result "1-0"]
[WhiteElo "2443"]
[BlackElo "1588"]
[PlyCount "67"]
[EventDate "2021.10.24"]
[EventType "swiss (rapid)"]
[EventRounds "9"]
[EventCountry "POL"]
[SourceTitle "CBM 204 Extra"]
[Source "ChessBase"]
[SourceDate "2021.11.30"]
[SourceVersion "1"]
[SourceVersionDate "2021.11.30"]
[SourceQuality "1"]

1. d4 Nf6 2. Bg5 e6 3. Nd2 h6 4. Bh4 g5 5. Bg3 d6 6. e4 Nc6 7. c3 Bg7 8. Bd3 Qe7 9. h4 Bd7 10. Qe2 0-0-0 11. 0-0-0 e5 12. d5 Nb8 13. Kb1 Rdf8 14. Nb3 Ne8 15. f3 f5 16. Bf2 fxe4 17. Bxe4 Nf6 18. Bc2 Qf7 19. c4 g4 20. Bxa7 Nh5 21. Qd2 Ng3 22. Rh2 h5 23. Qe1 Nf5 24. fxg4 hxg4 25. g3 Bh6 26. Bf2 Na6 27. Qc3 Qg7 28. Ne2 Rf7 29. c5 dxc5 30. Nxc5 Nxc5 31. Bxc5 Re8 32. Qa5 Kb8 33. Qa7+ Kc8 34. Qa8# 1-0

[Event "Poznan op 28th"]
[Site "Poznan"]
[Date "2021.08.22"]
[Round "9"]
[White "Kabzinski, Jan"]
[Black "Trybowska, Barbara"]
[Result "1/2-1/2"]
[WhiteElo "1532"]
[BlackElo "1807"]
[PlyCount "43"]
[EventDate "2021.08.15"]
[EventType "swiss"]
[EventRounds "9"]
[EventCountry "POL"]
[SourceTitle "CBM 203 Extra"]
[Source "ChessBase"]
[SourceDate "2021.09.30"]
[SourceVersion "1"]
[SourceVersionDate "2021.09.30"]
[SourceQuality "1"]

1. c4 e5 2. Nc3 Nc6 3. g3 f5 4. Nf3 Nf6 5. d4 e4 6. Nh4 d6 7. Ng2 Be7 8. Nf4 a6 9. Bg2 0-0 10. 0-0 g5 11. Nh3 h6 12. f3 exf3 13. exf3 Qe8 14. f4 g4 15. Nf2 Qg6 16. Re1 Re8 17. b3 Bd7 18. Bb2 Bf8 19. Qd2 h5 20. Nd5 Nxd5 21. Bxd5+ Kh7 22. Bg2 1/2-1/2

[Event "Poznan op 26th"]
[Site "Poznan"]
[Date "2018.08.19"]
[Round "2"]
[White "Kolendo, Kajetan"]
[Black "Kabzinski, Jan"]
[Result "0-1"]
[WhiteElo "1132"]
[BlackElo "1522"]
[PlyCount "33"]
[EventDate "2018.08.19"]
[EventType "swiss"]
[EventRounds "9"]
[EventCountry "POR"]
[SourceTitle "CBM 186 Extra"]
[Source "ChessBase"]
[SourceDate "2018.08.24"]
[SourceVersion "1"]
[SourceVersionDate "2018.08.24"]
[SourceQuality "1"]

1. e4 c5 2. Nf3 Nc6 3. d4 cxd4 4. Nxd4 Nf6 5. Nc3 d6 6. Bc4 e6 7. Be3 a6 8. Qe2 Be7 9. 0-0-0 Qc7 10. Rhg1 Na5 11. Bb3 b5 12. f3 Nxb3+ 13. axb3 Bb7 14. g4 Rc8 15. Na2 d5 16. exd5 Nxd5 17. h4 0-1

[Event "Poznan op 25th"]
[Site "Poznan"]
[Date "2017.08.22"]
[Round "4"]
[White "Walkowski, Jonasz"]
[Black "Kabzinski, Jan"]
[Result "1/2-1/2"]
[WhiteElo "1496"]
[BlackElo "1433"]
[PlyCount "60"]
[EventDate "2017.08.20"]
[EventType "swiss"]
[EventRounds "9"]
[EventCountry "POL"]
[SourceTitle "CBM 180 Extra"]
[Source "ChessBase"]
[SourceDate "2017.10.06"]
[SourceVersion "1"]
[SourceVersionDate "2017.10.06"]
[SourceQuality "1"]

1. d4 f5 2. c4 Nf6 3. Nc3 g6 4. g3 Bg7 5. Bg2 d6 6. Nf3 0-0 7. 0-0 c6 8. Bf4 Nh5 9. Qd2 Nxf4 10. Qxf4 Qc7 11. c5 Na6 12. cxd6 Qxd6 13. Qxd6 exd6 14. e3 h6 15. a3 Nc7 16. Rfd1 d5 17. b4 g5 18. Ne2 Bd7 19. Ne5 Be8 20. f4 Kh7 21. Kf2 Rf6 22. Nc3 Rd8 23. Bf1 Rdd6 24. Bd3 Kg8 25. a4 Bf8 26. Rdb1 Na8 27. a5 a6 28. Na4 Rde6 29. Nc5 Re7 30. h4 g4 1/2-1/2